[Event "SV Roehrnbach 1-SK Bruckmuehl 1"]
[Site "?"]
[Date "2025.02.02"]
[Round "6.5"]
[White "Zeindlmeier, Thomas"]
[Black "Engelbrecht, Alfred"]
[Result "1/2-1/2"]
[WhiteElo "1939"]
[BlackElo "2122"]
[Annotator "Stockfish 17"]
[PlyCount "65"]
[EventDate "2025.??.??"]
[WhiteTeam "SK Bruckmühl 1"]
[BlackTeam "SV Röhrnbach 1"]

{[%evp 9,65,25,19,21,23,23,18,19,26,-32,-22,-29,-34,-36,23,15,41,21,43,42,52,
22,89,59,81,42,140,79,82,41,74,86,88,86,189,80,77,69,78,31,23,-8,-15,-6,-3,-2,
2,-47,-7,-11,-28,-48,8,0,0,0,0,0]} 1. d4 Nf6 2. Nc3 d5 3. Bf4 c6 4. e3 Bf5 5.
f3 e6 6. g4 Bg6 7. h4 {[#] zielt auf h5 ab.} h5 8. g5 Nfd7 9. Bd3 Bxd3 10. Qxd3
g6 11. Nge2 Qa5 12. O-O $36 {[%mdl 2048]} Qa6 13. a3 Qxd3 14. cxd3 Be7 15. Rac1
f5 (15... a5 $11) 16. Na4 Kf7 17. Rc2 b5 $16 {[#]} (17... a5 $14) 18. Nac3 (18.
Nc5 $142 $1) 18... a5 19. Nc1 Re8 20. a4 b4 21. N3e2 Bd8 $2 (21... Nb6 $16 {
war angesagt.}) 22. b3 (22. Bd6 $18) 22... Bb6 23. Kf2 Rc8 24. Bd6 Na6 25. Nf4
c5 26. dxc5 Naxc5 $11 27. Bxc5 Nxc5 28. Ke2 Nd7 29. Rxc8 Rxc8 30. Kd2 Bc7 31.
Nfe2 $11 e5 32. d4 e4 33. f4 1/2-1/2

[Event "SV Roehrnbach 1-SK Bruckmuehl 1"]
[Site "?"]
[Date "2025.02.02"]
[Round "6.6"]
[White "Hittinger, Christian"]
[Black "Stoffel, Matthias"]
[Result "1/2-1/2"]
[WhiteElo "1960"]
[BlackElo "1982"]
[Annotator "Stockfish 17"]
[PlyCount "109"]
[EventDate "2025.??.??"]
[WhiteTeam "SV Röhrnbach 1"]
[BlackTeam "SK Bruckmühl 1"]

{[%evp 16,109,80,84,119,48,72,18,17,13,45,27,34,-25,-16,-145,-39,-114,-113,
-120,-128,-161,-158,-160,-118,-91,-21,-19,-18,-56,-21,-21,-20,-32,-22,-22,-21,
-22,-22,-22,-22,-23,-22,-22,-23,-24,-22,-23,-24,-24,-23,-24,-24,-24,-24,-25,
-24,-24,-24,-25,-26,-27,-25,-27,-38,-49,0,0,0,0,0,0,0,-2,0,0,0,0,0,0,0,0,0,0,0,
0,0,0,0,0,0,0,0,0,0,0]} 1. e4 c5 2. c3 Nf6 3. e5 Nd5 4. Nf3 e6 5. d4 cxd4 6.
cxd4 Nc6 7. Nc3 Nxc3 8. bxc3 d5 9. Bd3 Be7 10. Qc2 Bd7 11. h4 (11. Bxh7 {
der Bauer ist nehmbar} Qc7 (11... g6 $2 12. Bxg6 $18) 12. Bd3) 11... Rc8 12.
Qe2 h6 13. Rh3 Na5 14. Bd2 Nc4 15. g4 $2 (15. Bf4 $11 {hält das Gleichgewicht.
}) 15... Qc7 ({Günstiger ist} 15... Nxd2 $17 16. Qxd2 Qa5) 16. Bxc4 $6 (16.
Rb1 $15) 16... Qxc4 $17 17. Qxc4 Rxc4 $17 18. Ng1 h5 19. g5 g6 20. Ne2 b5 (
20... Ra4 $17 21. Rh1 Bb5) 21. Bc1 O-O 22. Bb2 $6 Rfc8 {Droht ...b4.} 23. a3 $1
a5 24. Kd2 R8c7 25. Rhh1 Kf8 26. Rhc1 Ke8 27. Nf4 Kd8 28. Nd3 Rb7 29. Ra2 Bc8
30. Raa1 Rbc7 31. Ra2 Ba6 32. Raa1 R4c6 33. Rab1 Rc4 34. Ra1 Ra4 35. Rcb1 Kc8
36. Rc1 Kb7 37. Rcb1 Rac4 38. Rc1 R4c6 39. Rab1 Rb6 40. Ra1 b4 41. axb4 Bxd3
42. Kxd3 axb4 43. cxb4 Rxc1 44. Bxc1 Rxb4 $11 {[%mdl 4096] Endspiel KTL-KTL}
45. Be3 Rb3+ 46. Kc2 Ra3 47. Rxa3 Bxa3 {KL-KL} 48. Kb3 Be7 49. f4 Bd8 50. Bd2
Ka6 51. Ka4 Bb6 52. Bc3 Ba7 {[#] zielt auf ...Lb6 ab.} 53. Kb4 Bb6 {...La5+
ist eine echte Drohung.} 54. Ka4 Ba7 {Und weiter mit ...Lb6 wäre nett.} 55.
Kb4 1/2-1/2

[Event "SV Roehrnbach 1-SK Bruckmuehl 1"]
[Site "?"]
[Date "2025.02.02"]
[Round "6.7"]
[White "Jaworek, Thomas"]
[Black "Reineke, Malte"]
[Result "1-0"]
[WhiteElo "1984"]
[BlackElo "1956"]
[Annotator "Stockfish 17"]
[PlyCount "87"]
[EventDate "2025.??.??"]
[WhiteTeam "SK Bruckmühl 1"]
[BlackTeam "SV Röhrnbach 1"]

{[%evp 12,87,62,64,50,50,74,69,71,41,32,-8,-5,-40,-35,-68,-41,-46,-31,-39,41,
40,36,-33,-41,-43,-46,-40,-3,-6,56,44,305,135,171,147,166,156,190,193,202,162,
323,229,292,118,133,2,93,73,166,167,180,73,156,114,110,108,138,74,135,7,103,64,
67,68,219,98,283,293,279,277,241,130,321,335,645,629]} 1. e4 d6 2. d4 Nf6 3.
Nc3 g6 4. f4 Bg7 5. Nf3 O-O 6. Bd3 Nc6 7. O-O e5 8. d5 Nb4 $6 9. fxe5 dxe5 10.
Be3 (10. Nxe5 c6 $11) (10. Be2 Ne8 11. a3 {kam in Frage}) 10... Nxd3 11. Qxd3
Ne8 12. Bc5 Nd6 13. Nb5 $6 {erreicht nichts} a6 14. Nxd6 cxd6 15. Be3 h6 $6 (
15... f5 $15) 16. c4 f5 17. c5 (17. Nd2 $14) 17... fxe4 $15 18. Qxe4 Bf5 19.
Qc4 Rc8 20. b4 Kh7 (20... b5 $142 $11 21. Qb3 e4) 21. Rac1 g5 $2 {[%mdl 8192] 
[#]} (21... a5 $14) 22. Nd2 $16 (22. Nxg5+ $1 $18 {[%mdl 512] und der Rest ist
Schweigen.} hxg5 {[#]} 23. Rxf5 $1 {[%mdl 512]} Rxf5 24. Qe4) 22... Bg6 23. Ne4
Rxf1+ 24. Rxf1 dxc5 25. bxc5 Qa5 26. d6 Qa3 $2 (26... Qb5 27. Qe6 Re8 28. Nf6+
Bxf6 29. Qxf6 Qd3) 27. Bf2 (27. Bc1 $1) 27... Rf8 28. Qd5 (28. d7 $18 {ist
viel giftiger.}) 28... Qa4 29. Nd2 $11 {Weiß hat seinen Vorteil verspielt} (
29. Re1 $16) 29... Qd7 $6 (29... Qc2 $11 {bleibt in der Remisbreite.} 30. Be3
Rxf1+ 31. Kxf1 Qd3+ 32. Qxd3 Bxd3+ 33. Kf2 Bf5) 30. Nc4 Bf7 $2 (30... Qf7 $16 {
war nötig.} 31. Qxf7 Rxf7) 31. Qe4+ $16 (31. Nxe5 $6 Qf5 $14) 31... Bg6 32.
Qd5 (32. Nxe5 $18 Qxd6 33. Nxg6 Qxg6 34. Qxb7) 32... Bf7 (32... Qf7 $142 33.
Qxf7 Rxf7) 33. Qd3+ ({Auf keinen Fall} 33. Nxe5 $6 Qf5 $14) 33... Bg6 34. Qe2
Qb5 35. Re1 e4 (35... Rxf2 $142 36. Kxf2 Qxc5+ 37. Kf1 Bf7 38. Qd3+ (38. Nxe5
Bxe5 39. d7 Bf6 $17) 38... Bg6) 36. Nd2 ({Besser ist} 36. Rd1 $16) 36... Qc6 (
36... Bc3 $11 {hält das Gleichgewicht.}) 37. Be3 ({Schwächer ist} 37. Nxe4
Re8 $17) 37... Qd5 38. Qc4 Qc6 (38... Qxc4 $14 39. Nxc4 Bf7) 39. Rb1 (39. Bd4
$18 {und Weiss behält klar die Oberhand.}) 39... Re8 $2 (39... Bf7 $16 40.
Qxe4+ Qxe4 41. Nxe4 Bd5) 40. Rb6 Qd7 {beabsichtigt ...Lf7.} 41. Qd5 Rb8 42.
Rxb7 (42. h3 $18) 42... Rxb7 $2 (42... Qxb7 $16 43. Qxb7 Rxb7) 43. c6 {[%cal
Bc5c6,Bc6d7][%mdl 96] Doppelangriff} Bf7 $2 (43... Qf7 44. Qxf7 Rxf7) 44. cxd7
1-0

[Event "SV Roehrnbach 1-SK Bruckmuehl 1"]
[Site "?"]
[Date "2025.02.02"]
[Round "6.8"]
[White "Berisha, Regjep"]
[Black "Mazatis, Benjamin"]
[Result "0-1"]
[WhiteElo "1910"]
[BlackElo "1848"]
[Annotator "Stockfish 17"]
[PlyCount "92"]
[EventDate "2025.??.??"]
[WhiteTeam "SV Röhrnbach 1"]
[BlackTeam "SK Bruckmühl 1"]

{[%evp 13,92,-34,-35,-81,-5,-5,20,17,19,-7,13,-46,-42,-75,-75,-71,-72,-71,-71,
-90,-95,-101,-120,-121,-97,-92,-102,-92,-30,-110,-94,-149,-153,-176,-131,-128,
-125,-158,-124,-381,-358,-359,-273,-306,-297,-304,-303,-298,-310,-415,-430,
-421,-401,-452,-384,-381,-380,-376,-376,-373,-368,-352,-341,-444,-444,-464,
-461,-463,-450,-494,-453,-512,-507,-580,-550,-555,-544,-777,-762,-744,-753]} 1.
e4 e5 2. Nf3 Nc6 3. Bc4 Nf6 4. Ng5 d5 5. exd5 Na5 6. d3 (6. Bb5+ c6 7. dxc6
bxc6 {mit Fortsetzungen wie 8.Be2, 8.Bd3, oder 8.Df3 sind sehr üblich}) 6...
h6 7. Nf3 e4 8. Nfd2 (8. Qe2 Nxc4 9. dxc4 Bc5 10. Nfd2 $17 {kommt des öfteren
vor}) 8... exd3 9. Bxd3 $11 Nxd5 10. O-O Be7 11. h3 O-O 12. Qh5 Nc6 $36 {
[%mdl 2048]} 13. Ne4 {[#]} Ndb4 $1 14. Rd1 Nxd3 15. Rxd3 Qe8 16. Nbc3 f5 17.
Qxe8 Rxe8 18. Ng3 $17 Nb4 19. Rd2 Bg5 20. Rd1 Nxc2 (20... f4 $17 21. Nge2 Nxc2)
21. Rb1 (21. Bxg5 $11 {bleibt in der Remisbreite.} Nxa1 22. Nd5) 21... f4 22.
Nge4 $2 Bf5 {-1.80 Schwarz steht viel besser} 23. f3 Ne3 24. Bxe3 fxe3 25. Kf1
b5 26. Nxb5 $2 {[%mdl 8192]} Bxe4 $19 {und Schwarz sollte gewinnen} 27. fxe4
Rxe4 {Und ...e2+ würde nun gewinnen.} 28. Ke2 Rf8 29. Rf1 Rxf1 30. Rxf1 {
[%mdl 4096] Endspiel KTL-KTS} Rb4 $1 {[%csl LRb2,LRb5][%mdl 64] Doppelangriff}
31. Nxc7 Rxb2+ 32. Kf3 Rxa2 33. Ne6 e2 34. Re1 Be7 35. Nd4 Bb4 36. Rxe2 Rxe2
37. Kxe2 $19 {KL-KS} Kf7 38. Kf3 a5 {[%cal Ba7a5,Ba5a4,Ba4a3][%mdl 32] Schwarz
steht klar auf Gewinn.} 39. Nc2 Bc3 40. Kg4 a4 41. Kh5 Bb2 42. g4 Bc1 43. Kh4
a3 44. Nb4 Bd2 {( -> ...Le1+)} 45. Na2 Ke6 {Weiss muss nun ...Kd5 beachten.}
46. Kh5 Kf6 $19 {natürlich steht Schwarz total auf Gewinn. Zeit?} 0-1

[Event "SV Deggendorf 2-SK Freising 1"]
[Site "?"]
[Date "2025.02.02"]
[Round "6.1"]
[White "Trapp, Maximilian"]
[Black "Wisnet, Dominic"]
[Result "1/2-1/2"]
[WhiteElo "2190"]
[BlackElo "2287"]
[PlyCount "23"]
[EventDate "2025.??.??"]
[WhiteTeam "SK Freising 1"]
[BlackTeam "SV Deggendorf 2"]

{[%evp 11,23,3,8,-2,31,-13,-12,-12,-15,-20,-14,-23,1,-16]} 1. d4 Nf6 2. Nf3 e6
3. c4 c5 4. e3 Be7 5. Nc3 O-O 6. Be2 d5 7. dxc5 Bxc5 8. a3 dxc4 9. Qxd8 Rxd8
10. Bxc4 a6 11. b4 Bd6 12. Bb2 $11 1/2-1/2

[Event "SV Deggendorf 2-SK Freising 1"]
[Site "?"]
[Date "2025.02.02"]
[Round "6.2"]
[White "Firlbeck, Hubert"]
[Black "Brand, Leonhard"]
[Result "1/2-1/2"]
[WhiteElo "2039"]
[BlackElo "2079"]
[Annotator "Stockfish 17"]
[PlyCount "174"]
[EventDate "2025.??.??"]
[WhiteTeam "SV Deggendorf 2"]
[BlackTeam "SK Freising 1"]

{[%evp 9,174,-2,-2,-6,-6,-5,6,-5,-7,-20,12,11,15,13,17,-1,22,21,28,8,38,25,37,
22,19,9,112,74,118,56,130,117,121,127,221,224,249,154,164,154,158,157,176,173,
175,172,306,88,91,64,57,53,55,35,51,38,59,18,22,0,69,72,278,17,16,0,0,0,24,25,
27,27,26,25,30,35,51,20,85,24,92,87,99,94,217,70,66,33,36,29,41,37,30,15,19,23,
13,7,6,0,17,0,0,0,0,0,0,0,0,0,0,0,0,0,0,0,0,0,0,0,0,0,0,0,0,0,0,0,0,0,0,0,0,0,
0,0,0,0,0,0,0,0,0,0,0,0,0,0,0,0,0,0,0,0,0,0,0,0,0,0,0,0,0,0,0,0,0]} 1. e4 e6 2.
d3 (2. d4 d5 3. Nc3 {oder auch 3.e5 mit etlichen Systemen und Varianten}) 2...
d5 3. Nd2 Nf6 4. Ngf3 Nc6 5. Be2 Bd6 6. O-O O-O 7. c3 Re8 8. b4 e5 9. Bb2 dxe4
10. dxe4 Ne7 11. Qc2 Ng6 12. Rfd1 Bf8 13. Nc4 Qe7 14. Ne3 c6 15. a3 Qc7 16. c4
a5 17. c5 Be6 $6 (17... axb4 $11 18. axb4 Rxa1 19. Rxa1 b6 {war sehr
naheliegend}) 18. Ng5 $16 (18. Nc4 {ist auch ein sehr gutes Feld für den
Springer}) 18... Nf4 $6 (18... axb4 19. axb4 Rxa1 20. Rxa1 b6 {ist die
klassische Methode, das weiße Bauernzentrum anzugehen}) 19. Nxe6 (19. Bc4 $142
$16) 19... Nxe2+ $6 (19... Nxe6 $14 20. Rab1 axb4 21. axb4 Nd4 22. Bxd4 exd4
23. Rxd4 Qe5) 20. Qxe2 $16 Rxe6 21. Nc4 $1 {+1.44 Weiß steht klar besser} Rd8
$2 (21... Nd7 $16) 22. Rxd8 $18 Qxd8 {kommt dem Weißen entgegen} 23. Rd1 (23.
Nxa5 {+2.56 war am besten und Weiß kann den Sieg langsam einplanen}) 23... Qc7
24. f3 axb4 25. axb4 Qb8 26. Qd3 Re8 27. g3 b5 $2 28. Nd6 $2 {da steht der Spr
pseudoaktiv} (28. cxb6 $142 $18 {Droht Da3 und aus.} h6 29. Bxe5 Rxe5 30. Nxe5
Qxb6+ 31. Kg2) 28... Re6 $16 29. Nf5 $14 {Weiß steht nur noch einen Hauch
besser. Da wurden also gewaltige Vorteile vertan} g6 30. Ne3 Re8 31. Qc3 Qc7
32. Ra1 Bh6 33. Nf1 Nd7 34. Qa3 Rc8 $6 (34... Nf8 $11) 35. Qa7 $14 f5 $2 {
er überschätzt seine Möglichkeiten} (35... Kf8 $16) 36. Qxc7 $2 (36. Qa2+
$18 Kf8 37. exf5 {ist lt.Stockfish dem Sieg sehr nahe}) 36... Rxc7 $11 37. Ra8+
Kf7 38. Kf2 fxe4 39. fxe4 Nf6 40. Kf3 Ke6 41. Ra6 Rc8 42. h3 Nd7 43. Ne3 Rc7 $6
(43... Bxe3 $11 {hält das Gleichgewicht.} 44. Kxe3 h5) 44. Bc3 (44. Nc2 $16
Rc8 45. Bc3 Bc1 46. Na1 Bg5 47. Nb3 {mit Vorteil}) 44... Bg7 $6 (44... Bxe3 $11
{bleibt in der Remisbreite.} 45. Kxe3 Rc8) 45. Be1 Ke7 46. Bd2 {[#]} Nf8 $2 {
[#]} (46... Kf7 $16 {war angesagt.}) 47. Ng4 (47. Nd5+ $1 $18 {[%mdl 512]} cxd5
48. exd5 Kf7 49. d6 Rd7 50. Ke4 {und Schwarz wird überrollt}) 47... Ne6 48.
Be3 h5 49. Nf2 Kd7 50. Ke2 Rc8 51. Ra7+ Nc7 52. Nd3 Ra8 53. Rxa8 $11 Nxa8 {
[%mdl 4096] Endspiel KLS-KLS} 54. g4 Nc7 55. gxh5 gxh5 56. Kf3 Bf6 57. Kg3 Ne6
58. Kf3 Nf8 59. Bf2 Ng6 60. Bg3 Ke6 61. Bf2 Nf8 62. Be3 Nh7 63. Bd2 Nf8 64. Be3
Ke7 65. Bd2 Ne6 66. Be3 Nd8 67. Bd2 Ke6 68. Be3 Nf7 69. Bd2 Bg5 70. Bc3 Bh6 71.
Ke2 Bg5 72. Bb2 Bf6 73. Bc1 Ng5 74. Bxg5 Bxg5 {KL-KS} 75. Kf3 Bh4 76. Ke2 Bg3
77. Kf3 Bh4 78. Ke2 Kf6 79. Kf3 Bg5 80. Ke2 Bh6 81. Kf3 Bd2 82. Kg3 Bc3 83. Kf3
Kg6 84. Kg3 Kg5 85. h4+ Kf6 86. Kf3 Bd2 87. Ke2 Bf4 1/2-1/2

[Event "SV Deggendorf 2-SK Freising 1"]
[Site "?"]
[Date "2025.02.02"]
[Round "6.3"]
[White "Belz, Frank-Martin"]
[Black "Tauber, Rainer"]
[Result "1/2-1/2"]
[WhiteElo "2040"]
[BlackElo "1982"]
[Annotator "Stockfish 17"]
[PlyCount "84"]
[EventDate "2025.??.??"]
[WhiteTeam "SK Freising 1"]
[BlackTeam "SV Deggendorf 2"]

{[%evp 9,84,50,95,93,91,89,86,85,96,93,91,85,82,49,81,72,67,66,69,65,73,58,62,
34,34,34,40,35,45,49,55,51,62,58,79,40,51,23,33,32,56,62,167,117,141,138,176,
131,137,132,156,112,249,85,180,100,131,74,158,159,164,157,162,166,160,156,149,
113,112,36,34,37,32,11,11,4,9]} 1. Nf3 c5 2. c4 Nc6 3. d4 cxd4 4. Nxd4 e5 5.
Nc2 d6 $6 {etwas passiv} (5... Nf6 6. Nc3 Bc5 7. g3 d6 8. Bg2 Be6 9. Nd5 Bxd5
10. cxd5 Ne7 11. O-O O-O $14 {Eklund,L G - Saskin,R Lidkoeping op 1994}) (5...
Bc5 6. Nc3 Nf6 7. g3 d6 $14) 6. Nc3 Be7 7. e4 Nf6 8. Be2 O-O 9. O-O Be6 10. Be3
Rc8 11. f3 Ne8 12. Qd2 h6 13. Rfd1 Bg5 14. Kh1 Bxe3 15. Qxe3 Qg5 16. Qxg5 (16.
Qd2 {hält die Spannung aufrecht.} g6 17. Qe1 Kg7 18. b3 h5 19. Rd2) 16... hxg5
17. Nb5 Rd8 18. Rd2 a6 19. Nc3 f6 20. Rad1 Rc8 21. b3 Rf7 22. h3 Rfc7 23. a4
Na5 24. Rb1 Kf7 $6 (24... Rf7 25. Nd5 g6 $14) 25. Ne3 Rc6 $2 {ein ernster
Fehler} (25... Rd8 $14) 26. Kg1 (26. Ncd5 $1 Bxd5 27. Rxd5 $18 {und Weiß
dominiert das Brett}) 26... Rb6 27. Rdb2 Rbc6 28. Kf2 (28. Ncd5 $1 {war
wiederum sehr stark}) 28... g6 29. Bd3 (29. Ncd5 $1 {der Weiße läßt diesen
Zug beharrlich aus}) 29... Ng7 30. g4 Rh8 {[#]} (30... Rb8 $16) 31. Kg3 $2 (31.
Ncd5 $1 $18 {und der Rest ist Schweigen.}) 31... Rhc8 (31... Rcc8 $16 {kämpft
weiter.}) 32. Rd2 (32. Ncd5 $18 {will er partout nicht spielen}) 32... Rb6 33.
Bc2 Ne8 (33... Rd8 $142) 34. Rh2 $16 Ng7 35. h4 Rh8 {[#]} 36. hxg5 $1 Rxh2 37.
Kxh2 {zielt auf gxf6 ab.} fxg5 38. Kg3 Rc6 39. Rd1 (39. Ncd5 $16) 39... Ne8 $14
40. Kf2 Rc8 41. Rh1 Kg7 42. Ke2 Nc6 1/2-1/2

[Event "SV Deggendorf 2-SK Freising 1"]
[Site "?"]
[Date "2025.02.02"]
[Round "6.4"]
[White "Doerfler, Guenther"]
[Black "Zill, Christoph"]
[Result "1/2-1/2"]
[WhiteElo "1973"]
[BlackElo "2078"]
[Annotator "Stockfish 17"]
[PlyCount "42"]
[EventDate "2025.??.??"]
[WhiteTeam "SV Deggendorf 2"]
[BlackTeam "SK Freising 1"]

{[%evp 9,42,11,63,40,33,17,35,-2,-3,3,19,20,12,12,11,11,22,20,19,13,40,26,23,
-44,-20,-20,-8,2,19,0,0,0,30,27,41]} 1. e4 Nf6 2. Nc3 (2. e5 Nd5 3. d4 d6 4. c4
Nb6 5. f4) 2... d5 3. exd5 Nxd5 4. Nf3 g6 5. Bc4 c6 6. Nxd5 cxd5 7. Bb5+ Bd7 8.
Bxd7+ {Weiß steht etwas besser.} Qxd7 9. d4 $11 Nc6 10. c3 Bg7 11. Bf4 O-O 12.
O-O Rac8 13. Re1 Rfe8 14. Re2 a6 15. Qe1 b5 16. Nd2 (16. Qd2 $11) 16... b4 17.
Nb3 bxc3 18. bxc3 Qf5 19. Qd2 h5 20. h3 Kh7 21. Rae1 e6 $11 1/2-1/2

[Event "SV Deggendorf 2-SK Freising 1"]
[Site "?"]
[Date "2025.02.02"]
[Round "6.5"]
[White "Bauer, Robert"]
[Black "Grabmeier, Johannes"]
[Result "1-0"]
[WhiteElo "2094"]
[BlackElo "1877"]
[Annotator "Stockfish 17"]
[PlyCount "71"]
[EventDate "2025.??.??"]
[WhiteTeam "SK Freising 1"]
[BlackTeam "SV Deggendorf 2"]

{[%evp 9,71,111,110,112,110,104,109,94,91,78,82,-32,65,28,74,51,78,-3,170,184,
159,150,190,189,199,196,235,247,268,244,276,266,266,239,484,487,496,488,508,
476,521,520,524,474,498,506,572,580,570,558,586,545,711,710,701,670,29997,803,
29994,29995,29995,29992,29992,29993]} 1. e4 b6 2. d4 Bb7 3. Bd3 Nf6 4. Qe2 Nc6
5. c3 e5 6. Nf3 (6. d5 Ne7 7. c4 Ng6 8. g3 Bb4+ 9. Bd2 Bxd2+ 10. Qxd2 {
Mortensen,E-Jakobsen,Ole DEN-ch 1989}) 6... d6 7. d5 {Schwarz muss nun Lb5
beachten.} (7. O-O Nd7 8. Ba6 Qc8 9. Bxb7 Qxb7 {Traut,W-Caprano,J corr BdF M
1993}) 7... Ne7 8. h3 g6 9. Be3 Bg7 10. g4 $6 {bei weitem nicht so stark, wie
es aussieht} (10. a4 $16) 10... h5 11. g5 Nh7 {da steht der Spr abseits} 12.
Nbd2 Qd7 13. O-O-O {[#]} (13. a4 $16) 13... O-O-O $2 (13... c6 $11 14. dxc6
Bxc6 15. Bc2 Rd8 {mit Gegenspiel}) 14. Kb1 Kb8 15. c4 $16 {hier wird nur der
Weiße angreifen} Rc8 16. Bc2 c5 17. Qd3 Ba6 18. Qa3 Qb7 19. Bd3 Rhd8 20. Rc1 {
[%cal Bd1c1,Bc1c3,Bc3a3][%mdl 32]} Rc7 21. Rc3 {Weiß baut seinen Angriff in
aller Ruhe auf} Ka8 $2 (21... Qc8 {war nötig.} 22. b4 Bb7 23. Rb3 {ist für
Schwarz auch nicht angenehm}) 22. Qa4 $18 {nebst 23.Ra3 und aus} Nxd5 {viele
Möglichkeiten hatte der Schwarze nicht mehr} 23. exd5 (23. cxd5 Bxd3+ 24. Rxd3
b5 $18 25. Qa5 {hätte auch nicht gerettet}) 23... e4 {[#]} 24. Ra3 (24. Nxe4
Bxc3 25. Nxc3 $18 {war auch möglich}) 24... Bxc4 (24... exd3 25. Qxa6) 25.
Bxc4 exf3 26. Qb5 Qc8 27. Bd3 Nf8 28. Nc4 {Und Sxb6+ würde nun gewinnen.} Kb8
29. Bf4 Rcd7 30. Ra6 Be5 31. Nxe5 dxe5 32. Bxe5+ Kb7 {[#]} 33. d6 (33. Rxa7+
$142 $3 {[%mdl 512]} Kxa7 34. Qa4+ Kb7 35. Qa6#) 33... Re8 34. Be4+ {[%mdl 64]
Doppelangriff. Weiß setzt Matt.} Kb8 {[#]} 35. Rxb6+ $1 {[%mdl 576]
Umwandlung, Zerstörung} (35. Qxb6+ axb6 36. Ra8# {ging auch}) 35... axb6 36.
Qxb6+ 1-0

[Event "SV Deggendorf 2-SK Freising 1"]
[Site "?"]
[Date "2025.02.02"]
[Round "6.6"]
[White "Bauer, Bernd"]
[Black "Gruettner, Ralf"]
[Result "0-1"]
[WhiteElo "1903"]
[BlackElo "2041"]
[Annotator "Stockfish 17"]
[PlyCount "50"]
[EventDate "2025.??.??"]
[WhiteTeam "SV Deggendorf 2"]
[BlackTeam "SK Freising 1"]

{[%evp 14,50,43,38,74,10,75,44,41,41,83,91,98,88,80,47,53,48,49,6,14,-378,-220,
-426,-425,-414,-415,-434,-405,-421,-351,-406,-408,-417,-416,-440,-377,-449,
-457]} 1. e4 c5 2. Nf3 Nc6 3. d4 cxd4 4. Nxd4 e5 5. Nb5 d6 6. N1c3 (6. c4 Be7
7. N1c3 a6 8. Na3 Be6 9. Be2 {ist gut bekannt}) 6... a6 7. Na3 Be7 8. Nc4 Be6
9. a4 (9. Nd5 $16) 9... Rc8 $6 (9... Nf6 $11 {hält das Gleichgewicht.}) 10.
Be3 (10. Nd5 Nf6 11. Nxf6+ $14) 10... Nd4 11. Nd5 Bxd5 12. exd5 Nf5 13. Bb6 Qd7
14. Be2 Nf6 15. O-O O-O 16. b3 (16. a5 $1) 16... Bd8 {[#] Droht ...Txc4! und
aus.} 17. Bg4 $2 {[%mdl 8192] ein böser Fehler, die Bewertung heißt
plötzlich -4.23} (17. a5 $11 {und Weiss muss sich keine Sorgen machen.}) 17...
Nxg4 (17... Rxc4 $142 $1 {[%mdl 512]} 18. bxc4 Bxb6 $19 {und Schwarz gewinnt})
18. Qxg4 $2 {[#]} (18. Bxd8 Nxh2 19. Kxh2 Qxd8 20. a5 {-2.24 war nicht schön,
aber noch das beste}) 18... Rxc4 $1 $19 {[%mdl 576] Verteidiger eliminieren}
19. Qxc4 Bxb6 20. Qd3 Ne7 21. b4 f5 22. c4 Bd4 23. Ra2 f4 24. Kh1 Rc8 25. Rc1 {
[#]} Nxd5 $1 {[%mdl 576] Fesselung.} 0-1

[Event "SV Deggendorf 2-SK Freising 1"]
[Site "?"]
[Date "2025.02.02"]
[Round "6.7"]
[White "Paul, Franz Xaver"]
[Black "Bacholke, Michael"]
[Result "1/2-1/2"]
[WhiteElo "1827"]
[BlackElo "1870"]
[Annotator "Stockfish 17"]
[PlyCount "25"]
[EventDate "2025.??.??"]
[WhiteTeam "SK Freising 1"]
[BlackTeam "SV Deggendorf 2"]

{[%evp 12,25,41,1,6,-114,-18,-66,-18,-22,-19,-21,-8,-21,-6,-12]} 1. e4 e5 2.
Nf3 Nf6 3. d4 exd4 (3... Nxe4 4. Bd3 d5 5. Nxe5 Nd7 6. Nxd7 Bxd7 7. O-O {
wurde schon oft gespielt}) 4. e5 Ne4 5. Qxd4 d5 6. exd6 Nxd6 7. Bf4 Nc6 {[#]}
8. Qd1 $6 (8. Qa4 $11 {hält das Gleichgewicht.}) 8... Bf5 ({Günstiger ist} 
8... Qf6 $17 9. Qc1 Bg4 10. Nc3 O-O-O {war gut für Schwarz}) 9. c3 Be7 10. Be2
O-O 11. O-O Re8 12. Nbd2 h6 13. Nc4 1/2-1/2

[Event "SV Deggendorf 2-SK Freising 1"]
[Site "?"]
[Date "2025.02.02"]
[Round "6.8"]
[White "Schmidbauer, Franz"]
[Black "Mujdzic, Emir"]
[Result "0-1"]
[WhiteElo "1891"]
[BlackElo "1757"]
[Annotator "Stockfish 17"]
[PlyCount "54"]
[EventDate "2025.??.??"]
[WhiteTeam "SV Deggendorf 2"]
[BlackTeam "SK Freising 1"]

{[%evp 9,54,-16,-14,-71,-65,-95,-97,-139,-107,-104,-108,-106,-63,-96,-99,-190,
-199,-264,-194,-273,-274,-288,-278,-473,-473,-483,-425,-640,-643,-813,-692,
-674,-661,-29993,-29994,-29995,-29996,-29996,-1225,-887,-772,-746,-700,-670,
-649,-29995,-29990]} 1. g3 d5 2. Nf3 Nf6 3. Bg2 c5 4. c4 d4 5. d3 Nc6 6. Na3 (
6. O-O e5 7. e3 Be7 8. exd4 exd4 9. Bf4 {hierzu kann man einige Partien finden}
O-O 10. Ne5 Nxe5 11. Bxe5 Ng4 12. Bf4 Bd6 13. Bxd6 Qxd6 14. Nd2 {Lobron,
E-Timman,J Brussels SWIFT blitz 1992}) 6... e5 7. Bd2 $6 (7. e3 Be7 8. exd4
exd4 9. Nc2 $15 {war ein besseres Rezept}) 7... Be7 8. Rb1 O-O $17 9. Nc2 a5
10. O-O Nd7 11. a4 f5 12. h4 $2 (12. e3 $17) 12... Nf6 $1 $19 13. Na3 (13. e3
$142) 13... e4 (13... f4 $1 14. gxf4 exf4 15. Bxf4 Nh5 $19) 14. dxe4 (14. Ng5 {
ist wohl besser.}) 14... fxe4 15. Ng5 Bf5 $19 {Schwarz steht auf Gewinn,
Bewertung -2.95} 16. g4 $2 Nxg4 17. Bxe4 Bxg5 18. Bxf5 (18. Bd5+ $142 Kh8 19.
hxg5) 18... Rxf5 19. hxg5 Qd6 {[%csl Gg4][%cal Rd6h2]} (19... Rxg5 20. Bxg5
Qxg5 {#5}) 20. f4 {[#]} Rxg5 $3 {[%mdl 512] ( -> ...Se3+) eine einfache Pointe}
21. Rf3 {[#]} (21. Qe1 Rg6) 21... Qh6 $1 {[%mdl 512]} 22. e4 (22. Rf2 Rh5)
22... Qh2+ 23. Kf1 {[#]} Qh1+ {#13} (23... d3 $142 $1 {[%mdl 512]} 24. Ke1 (24.
Be3 Nxe3+ 25. Ke1 Rg1+ {[%mdl 64] Spiess} 26. Rf1 Rxf1#) 24... Qh1+ 25. Rf1
Qh4+ 26. Rf2 Qxf2#) 24. Ke2 Qg2+ 25. Kd3 Nf2+ {[%mdl 64] Überlastung} 26. Rxf2
Rg3+ 27. Ke2 Qxe4+ {#10} (27... d3+ 28. Ke1 Qh1+ 29. Rf1 Qxe4+ 30. Be3 Qxe3+
31. Qe2 Qxe2#) 0-1